• 首页
  • 本馆介绍
  • 公告通知
  • 最新文献
  • 馆藏检索
  • 电子资源
  • 读者导购
  • 参考咨询
  • 我的图书馆
  • 登录
  • 详细信息显示
  • 放入我的书架
  • 预约/预借图书
  • 作者相关作品
  • 分类相关作品
  • 丛书相关作品
  • 出版社相关作品

书目信息

  • 表格格式
  • 工作单格式
  • 卡片格式
题名:
“鹞”和“海鹞”
    
 
作者: 麦克利兰 著 ;张立功 译
分册:  
出版信息: 北京   海洋出版社  2018.01
页数: 254页
开本: 23x25cm
丛书名:
单 册:
中图分类: E926.31
科图分类:
主题词: 歼击机--jian ji ji--介绍--世界
电子资源:
ISBN: 978-7-5027-9986-1
000 01043nam0 2200277 450
001 CAL 0120182402075
005 20181203155338.62
010    @a978-7-5027-9986-1@b@dCNY98.00
100    @a20180313d2018 em y0chiy50 ea
101 1  @achi@ceng
102    @aCN@b110000
105    @aa z 000yy
106    @ar
200 1  @a“鹞”和“海鹞”@d= Harrier@A“ yao ”he “ hai yao ”@e“鹞”式战机发展全史@f(英) 蒂姆·麦克利兰著@g张立功译@zeng
210    @a北京@c海洋出版社@d2018.01
215    @a254页@c图 (部分彩图)@d23x25cm
330    @a本书主要内容包括: 垂直起飞和着陆的梦想、进展和梦想、投入服役、“鹞”式飞机的实际操作、“海鹞”、超级“海鹞”、阿富汗行动、远赴重洋等。
510 1  @aHarrier@zeng
517 1  @a“鹞”式战机发展全史@A“ yao ” shi zhan ji fa zhan quan shi
606 0  @a歼击机@Ajian ji ji@x介绍@y世界
690    @aE926.31@v5
701  1 @a麦克利兰@Amai ke li lan@g(Mclelland, Tim)@4著
702  0 @a张立功@Azhang li gong@4译
801  0 @aCN@b人天书店@c20180313@g
905    @aBZT@dE926.31@e2
906    @dCNY98.00@n3@r1
    
    “鹞”和“海鹞”= Harrier:“鹞”式战机发展全史/(英) 蒂姆·麦克利兰著/张立功译.-北京:海洋出版社,2018.01
    254页:图 (部分彩图);23x25cm
    
    
    ISBN 978-7-5027-9986-1:CNY98.00
    本书主要内容包括: 垂直起飞和着陆的梦想、进展和梦想、投入服役、“鹞”式飞机的实际操作、“海鹞”、超级“海鹞”、阿富汗行动、远赴重洋等。
●
相关链接 在五车中查询图书 在当当中查询图书 在豆瓣中查询图书


正题名:"鹞"和"海鹞"     索取号:E926.31/2         预约/预借

序号 登录号 条形码 馆藏地/架位号 状态 备注
1 850508   2000850508   思政阅览室/思1架B面1层3列/ [索取号:E926.31/2] 在馆    
2 850509   2000850509   思政阅览室/思1架B面1层3列/ [索取号:E926.31/2] 在馆    
3 850510   2000850510   思政阅览室/思1架A面1层10列/ [索取号:E926.31/2] 在馆    
山东省滨州职业学院图书馆 欢迎您!
大连网信软件有限公司© 版权所有